|
|
|
|
| LEADER |
00000cam a2200000 4500 |
| 001 |
vtls012238149 |
| 003 |
SK-MaSNL |
| 005 |
20260426014605.0 |
| 008 |
230825s2023 xo f 001 0 slo |
| 015 |
|
|
|a SNBA2023/11
|
| 020 |
|
|
|a 9788082320346
|q (brožované)
|
| 040 |
|
|
|a SNK
|b slo
|c SNK
|e rda
|
| 041 |
0 |
|
|a slo
|
| 043 |
|
|
|a e-xo---
|
| 044 |
|
|
|a xo
|c SK
|
| 072 |
|
7 |
|a 347
|x Súkromné právo
|2 konspekt
|
| 080 |
|
|
|a 347.61/.64
|2 2011
|
| 080 |
|
|
|a 316.346.32-053.2
|2 2011
|
| 080 |
|
|
|a 347.634/.637
|2 2011
|
| 080 |
|
|
|a (048.8)
|2 2011
|
| 080 |
|
|
|a (437.6)
|2 2011
|
| 080 |
|
|
|a 316.362.1-055.52-055.62
|2 2011
|
| 100 |
1 |
|
|a Danišovičová, Lucia,
|d 1982-
|4 aut
|9 230820
|
| 245 |
1 |
0 |
|a Právne postavenie maloletého dieťaťa vo vzťahu k jeho rodičom
|c Lucia Danišovičová
|
| 250 |
|
|
|a Prvé vydanie
|
| 264 |
|
1 |
|a V Bratislave
|b C.H. Beck
|c 2023
|
| 300 |
|
|
|a xiv, 242 strán
|c 23 cm
|
| 336 |
|
|
|a text
|b txt
|2 rdacontent
|
| 337 |
|
|
|a bez média
|b n
|2 rdamedia
|
| 338 |
|
|
|a zväzok
|b nc
|2 rdacarrier
|
| 490 |
1 |
|
|a Beckova edícia právne inštitúty
|
| 500 |
|
|
|a Obsahuje profesijné údaje o autorke
|
| 500 |
|
|
|a Obsahuje zoznam použitých skratiek
|
| 504 |
|
|
|a Obsahuje bibliografiu na strane 227-240, bibliografické odkazy a register
|
| 650 |
0 |
7 |
|a rodinné právo
|2 SNKPH
|9 2246
|
| 650 |
0 |
7 |
|a Family law
|2 SNKPHeng
|9 312991
|
| 650 |
0 |
7 |
|a Children
|2 SNKPHeng
|9 274282
|
| 650 |
0 |
7 |
|a Parenting
|2 SNKPHeng
|9 312787
|
| 650 |
0 |
7 |
|a rodičovstvo
|2 SNKPH
|9 1600
|
| 650 |
0 |
7 |
|a maloletí
|2 SNKPH
|9 738571
|
| 650 |
0 |
7 |
|a rodičia a deti
|2 SNKPH
|9 63347
|
| 650 |
0 |
7 |
|a Minors
|2 SNKPHeng
|9 738572
|
| 650 |
0 |
7 |
|a deti
|2 SNKPH
|9 773
|
| 650 |
0 |
7 |
|a Parents and children
|2 SNKPHeng
|9 312750
|
| 651 |
|
7 |
|a Slovensko
|2 SNKPH
|9 14231
|
| 651 |
|
7 |
|a Slovakia
|2 SNKPHeng
|9 92630
|
| 655 |
|
7 |
|a monografie
|2 SNKPH
|9 70139
|
| 655 |
|
7 |
|a Monographs
|2 SNKPHeng
|9 120675
|
| 752 |
|
|
|a Slovensko
|d Bratislava
|
| 830 |
|
0 |
|a Beckova edícia právne inštitúty
|9 304682
|
| 852 |
|
|
|a Slovenská národná knižnica
|
| 919 |
|
|
|a 978-80-8232-034-6
|
| 954 |
|
|
|a odborná, vedecká literatúra pôvodná (slovenská)
|2 lita
|
| 958 |
|
|
|a NB
|
| 999 |
|
|
|c 1162279
|d 1164209
|
| 952 |
|
|
|a SNK
|b SNK
|y PREZ
|7 0
|p 17A1536159
|o snkSC 203894
|i snk2023/15123
|8 0
|0 0
|1 0
|4 0
|d 2023-10-19
|l 0
|r 2025-10-28 00:00:00
|w 2026-02-24
|
| 952 |
|
|
|a SNK
|b SNKPULT
|y VYP
|7 0
|p 17A1536160
|o snkSC 203894 D1
|i snk2023/15124
|8 0
|0 0
|1 0
|4 0
|d 2023-10-19
|l 1
|m 2
|q 2026-05-25
|r 2026-02-28 18:32:17
|s 2026-02-28
|w 2026-02-24
|